Top 10 der am häufigsten verwendeten Passagierflugzeugen Namen + Typ - Statistiken

Allgemein
  • Dieses Quiz wurde 14 mal gespielt
  • Das Durchschnittsergebnis liegt bei 3 aus 10
Antwortstatistiken
Antwort % Korrekt
Airbus A320
85%
Boeing 737
69%
Airbus A330
54%
Boeing 777
46%
Boeing 787
31%
Bombardier CRJ
8%
Embraer E
8%
ATR
0%
Embraer ERJ
0%
Havilland DHC
0%
Keine übereinstimmenden Quizze gefunden
Verteilung der Resultate
Anzahl Personen mit jedem Resultat
Perzentil nach korrekt beantworteten Fragen
Ihre Resultats-Entwicklung
Sie haben dieses Quiz noch nicht gespielt